00485nam a2200157 a 4500008004100000020002600041245004700067260006100114300004700175650002500222650003100247650002200278003000100300005001700301040000900318  a09780980003601 (Pbk.)10aVia Occupationcedited by Morgan Martinson aPhiladelpha:bSchool of ,Univesity of Pennsylvana,c2007 a183 pages:b colour Illustrations,c28 cm. aArchitectural Design aArchitecture Human society 1aRegional Planning20230123141139.0 cNUST